000 00584nam a2200205Ii 4500
001 4622
003 CO-ViMGA
008 241108s9999||||xx |||||||||||||| ||und||
040 _aCO-ViMGA
_bspa
_erda
_cCO-ViMGA
041 0 _aspa
082 0 4 _a616.98 M394
100 1 _aMartín Mayer
_950407
245 1 0 _aEnfermedades de los paises cálidos
264 1 _aMadrid, España : Gustavo Gili, 1928
300 _avolumen
336 _atext
_btxt
_2rdacontent
337 _aunmediated
_bn
_2rdamedia
338 _avolume
_bnc
_2rdacarrier
940 _aidficha_siabuc: 4506. -- ficha_no_siabuc:4622
999 _c45091
_d45091